Loading...
| Science - Chemistry | 0 | 7 | 0 | 0 | 70 | 59 | 82.00 | 4 | 6 | 17.23 | 54.55 |
| Science - Biology | 0 | 7 | 0 | 2 | 70 | 23 | 85.86 | 3 | 4 | 15.04 | 40.00 |
| Mythology | 0 | 5 | 0 | 3 | 50 | 89 | 111.80 | 1 | 4 | 3.99 | 21.82 |
| Science - Physics | 0 | 3 | 0 | 0 | 30 | 103 | 115.67 | 0 | 3 | 1.46 | 13.64 |
| Fine Arts - Painting and Sculpture | 0 | 3 | 0 | 1 | 30 | 113 | 118.33 | 0 | 3 | 1.96 | 14.55 |
| Literature - American | 0 | 2 | 0 | 0 | 20 | 98 | 108.00 | 0 | 1 | 5.30 | 10.91 |
| Literature - British | 0 | 2 | 0 | 1 | 20 | 137 | 142.00 | 0 | 1 | 0.30 | 5.45 |
| Literature - European | 0 | 2 | 0 | 1 | 20 | 69 | 94.50 | 1 | 2 | 6.67 | 14.55 |
| Fine Arts - Classical Music | 0 | 2 | 1 | 0 | 15 | 71 | 73.00 | 2 | 2 | 6.38 | 18.18 |
| Fine Arts - Other | 0 | 2 | 1 | 0 | 15 | 63 | 70.50 | 1 | 2 | 7.90 | 14.55 |
| Popular Culture | 0 | 1 | 0 | 0 | 10 | 72 | 72.00 | 0 | 1 | 24.83 | 30.00 |
| Philosophy | 0 | 1 | 0 | 0 | 10 | 82 | 82.00 | 1 | 1 | 2.61 | 7.27 |
| Literature - World | 0 | 1 | 0 | 0 | 10 | 114 | 114.00 | 0 | 1 | 1.58 | 5.45 |
| Social Science | 0 | 1 | 0 | 0 | 10 | 91 | 91.00 | 0 | 1 | 0.65 | 3.64 |
| Science - Other | 0 | 2 | 3 | 0 | 5 | 87 | 87.00 | 1 | 2 | 5.16 | 12.73 |